| 000 | 00641nam a22002177a 4500 | ||
|---|---|---|---|
| 001 | 00028855 | ||
| 005 | 20260423154141.0 | ||
| 008 | 260423b ag ||||| |||| 00| 0 spa d | ||
| 040 |
_aAR-CcCEOS _bspa _cAR-CcCEOS |
||
| 041 | _aspa | ||
| 080 | _a930.9 | ||
| 090 | _bRON t.11 | ||
| 100 | 1 |
_aRoncayolo, Marcel _91104 |
|
| 245 |
_aEl mundo y su historia XI : _bNuestros contemporáneos XI / _cMarcel Roncayolo |
||
| 250 | _a1ª ed. | ||
| 264 |
_aBarcelona : _bArgos, _cc1973. |
||
| 300 |
_a707 p. ; _c24x18 cm. |
||
| 490 | _vHistoria Universal ; t.11 NUESTROS CONTEMPORÁNEOS | ||
| 650 | 0 |
_aHISTORIA UNIVERSAL _91103 |
|
| 942 |
_2udc _cBK _n0 |
||
| 999 |
_c28896 _d28896 |
||